Transformační proces jako podnět pro rozvoj ekonomické teorie inauguračná prednáška
Na minha lista:
| Autor principal: | |
|---|---|
| Autor Corporativo: | |
| Formato: | Livro |
| Idioma: | eslovaco |
| Publicado em: |
Bratislava
Ekonomická univerzita v Bratislave
2005
|
| Colecção: | Habilitačné a inauguračné prednášky
|
| Assuntos: | |
| Tags: |
Sem tags, seja o primeiro a adicionar uma tag!
|
MARC
| LEADER | 00000nam$a2200000$$$4500 | ||
|---|---|---|---|
| 001 | 0036572 | ||
| 005 | 20250509105331.5 | ||
| 041 | 0 | |a slo | |
| 044 | |a SK | ||
| 245 | 1 | 0 | |a Transformační proces jako podnět pro rozvoj ekonomické teorie |b inauguračná prednáška |c Kamil Fuchs |
| 264 | 1 | |a Bratislava |b Ekonomická univerzita v Bratislave |c 2005 | |
| 300 | |a 42 s. | ||
| 490 | 1 | |a Habilitačné a inauguračné prednášky | |
| 830 | 0 | |a Habilitačné a inauguračné prednášky | |
| 610 | 2 | 0 | |a teórie ekonomické |
| 610 | 2 | 0 | |a transformácia |
| 610 | 2 | 0 | |a hospodárstvo trhové |
| 610 | 2 | 0 | |a ekonómia |
| 610 | 2 | 0 | |a vlastníctvo súkromné |
| 610 | 2 | 0 | |a privatizácia |
| 610 | 2 | 0 | |a etika |
| 610 | 2 | 0 | |a demonopolizácia |
| 100 | 1 | |a Fuchs, Kamil | |
| 710 | 2 | |a Ekonomická univerzita v Bratislave. Národohospodárska fakulta | |